Studies on treatments of examination gloves for reducing the extractable protein content (Record no. 52404)

MARC details
000 -LEADER
fixed length control field 00433nam a2200121Ia 4500
100 ## - MAIN ENTRY--AUTHOR NAME
Personal name Elizabeth K.I.
245 #0 - TITLE STATEMENT
Title Studies on treatments of examination gloves for reducing the extractable protein content
260 ## - PUBLICATION, DISTRIBUTION, ETC. (IMPRINT)
Name of publisher M.Tech. Thesis, Cochin University of Science and Technology, Cochin, India, 79 p.
Year of publication 1995
650 ## - SUBJECT ADDED ENTRY--TOPICAL TERM
Topical Term Examination glove
650 ## - SUBJECT ADDED ENTRY--TOPICAL TERM
Topical Term Protein content
942 ## - ADDED ENTRY ELEMENTS (KOHA)
Koha item type Bibliography STAF
Holdings
Withdrawn status Lost status Damaged status Not for loan Home library Current library Date acquired Koha item type
      Bibliography RRII Library RRII Library 09/04/2014 Bibliography STAF